000 00294nam a22001337a 4500
008 181019b xxu||||| |||| 00| 0 eng d
020 _a9780933174993
041 _aeng
080 _a510
100 _a36
101 _aMAT
245 _aThe Magic of Mathematics
_cPappas,Th
942 _2udc
_cBK
999 _c50289
_d50289